| 000 | 00430nab a2200145Ia 4500 | ||
|---|---|---|---|
| 003 | ES-SlBCS | ||
| 005 | 20210601131741.0 | ||
| 008 | 140529s1932 xxu||||| |||| 00| 0 fre d | ||
| 041 | _afre | ||
| 100 | 1 |
_aCoquelle-Viance, G. _9188559 |
|
| 245 | 0 | 0 |
_aDevant la crise mondiale _c G. Coquelle-Viance |
| 650 | 0 | 4 |
_aCrisis Mundial _9129298 |
| 773 | 0 |
_tVie Intelectuelle (La) _gvol. 16, nº. 3, 1932, págs. 287-293 _wRev907 |
|
| 942 | _cAR | ||
| 999 |
_c568159 _d568159 |
||